00895 2200313 4500001002100000005001500021035002000036007000300056040001700059100003100076245007800107250001300185300003300198020002200231041000800253082001100261084001700272090002300289264004500312336002100357337003000378338002300408650001600431700003500447850001000482008004100492990002400533990002400557INLIS00000000000846720260519012037 a0010-0922000956ta aSBPUPADbind aHetti RestiantiePengarang1 aKuman di Sekitar Kita :bMenerapkan Budaya Hidup Sehat /cHetti Restianti a.-Cet. 1 avi, 66 hlm. :bilus. ;c21cm a978-602-8714-06-807aind a616.93 a616.93 HET k a616.93 HET K L18-3 a.--Bandung :bSarana Ilmu Pustaka,c2009 2rdacontentateks 2rdamediaatanpa perantara 2rdacarrieravolume 4aHidup Sehat0 aEditor, Edi WarsidiePengarang aPUPAD260519 0  a158/S/KAPD-PDG/2012 a157/S/KAPD-PDG/2012